| 000 | 00794cam a22002653a 4500 | ||
|---|---|---|---|
| 001 | 1335 | ||
| 003 | PGUSA | ||
| 005 | 20140828083000.0 | ||
| 008 | 980601s1998||||xxu|||||s|||||000 | eng d | ||
| 040 |
_aPGUSA _beng |
||
| 042 | _adc | ||
| 050 | 4 | _aDC | |
| 100 | 1 |
_aKingsley, Charles, _d1819-1875 |
|
| 245 | 1 | 4 |
_aThe Ancien Régime _h[electronic resource] / _cCharles Kingsley |
| 260 |
_bProject Gutenberg, _c1998 |
||
| 505 | 0 | _aPreface -- Caste -- Centralization -- The explosive forces. | |
| 506 | _aPublic domain in the USA. | ||
| 516 | _aElectronic text | ||
| 653 | _aFrance -- Politics and government | ||
| 653 | _aFrance -- Social conditions | ||
| 653 | _aFrance -- History | ||
| 830 | 0 |
_aProject Gutenberg _v1335 |
|
| 856 | 4 | 0 | _uhttp://www.gutenberg.org/ebooks/1335 |
| 942 | _cEB | ||
| 999 |
_c230683 _d230683 |
||